A history of Egypt under Roman rule /

محفوظ في:

المؤلف الرئيسي: Milne, J. G. 1867-1951. (مؤلف)

التنسيق: كتاب

اللغة: English

منشور في: London : Methuen & Co., 1924.

الطبعة: 3rd. rev. ed.

سلاسل: History of Egypt / William Matthew Flinders Petrie ; 5.

الموضوعات:

الوسوم: إضافة وسم

لا توجد وسوم, كن أول من يضع وسما على هذه التسجيلة!

رقم الطلب: DT77 .P495 1924 v.5

LEADER 00764nam a22002297a 4500
003 OSt
005 20260210083314.0
008 260210t1924 enka b 001 0 eng d
040 |c ARCE Library 
043 |a f-ua--- 
050 1 4 |a DT77  |b .P495 1924 v.5 
100 1 |a Milne, J. G.  |q (Joseph Grafton),  |d 1867-1951.  |e author 
245 1 2 |a A history of Egypt under Roman rule /   |c by J. Grafton Milne 
250 |a 3rd. rev. ed. 
264 1 |a London :   |b Methuen & Co.,   |c 1924. 
300 |a xxiii, 331 pages :   |b illustrations ;   |c 20 cm. 
490 0 |a History of Egypt / William Matthew Flinders Petrie ;   |v 5. 
504 |a Includes bibliographical references and index. 
651 0 |a Egypt  |x History  |y 30 B.C.-640 A.D. 
901 |a reviewed 
942 |c BK  |2 lcc 
999 |c 28003  |d 28003